[Event "Tournoi de l'Est 4"]
[Site "Montreal CAN"]
[Date "1983.05.15"]
[Round "4"]
[White "Spraggett, Kevin"]
[Black "Ivanov, Igor V"]
[Result "0-1"]
[WhiteElo "2541"]
[BlackElo "2543"]
[PlyCount "62"]
[GameId "2160767912810661"]
[EventDate "1983.05.13"]
[EventType "swiss"]
[EventRounds "5"]
[EventCountry "CAN"]
[SourceTitle "EXT 2022"]
[Source "ChessBase"]
[SourceDate "2021.10.06"]
[SourceVersion "1"]
[SourceVersionDate "2021.10.06"]
[SourceQuality "1"]

1. d4 Nf6 2. c4 e6 3. Nc3 Bb4 4. Qc2 d5 5. cxd5 Qxd5 6. Nf3 c5 7. Bd2 Bxc3 8. Bxc3 cxd4 9. Rd1 Qxa2 10. Rxd4 Bd7 11. e4 Qa1+ 12. Kd2 Na6 13. e5 Nd5 14. Rxd5 exd5 15. Bb5 Qxh1 16. Bxd7+ Kxd7 17. Qf5+ Ke8 18. Ng5 Rf8 19. e6 f6 20. e7 Rh8 21. Bxf6 gxf6 22. Qxf6 Kd7 23. Qe6+ Kc7 24. Qe5+ Kc6 25. Nf7 Qxg2 26. Qe6+ Kc5 27. Qd6+ Kb5 28. Qd7+ Ka5 29. Nd6 Qxf2+ 30. Kd1 Qf1+ 31. Kd2 Rag8 0-1

[Event "Tournoi de l'Est 4"]
[Site "Montreal CAN"]
[Date "1983.05.15"]
[Round "5"]
[White "Ivanov, Igor V"]
[Black "Barbeau, Sylvain"]
[Result "1-0"]
[WhiteElo "2543"]
[BlackElo "2278"]
[PlyCount "49"]
[GameId "2160767912810664"]
[EventDate "1983.05.13"]
[EventType "swiss"]
[EventRounds "5"]
[EventCountry "CAN"]
[SourceTitle "EXT 2022"]
[Source "ChessBase"]
[SourceDate "2021.10.06"]
[SourceVersion "1"]
[SourceVersionDate "2021.10.06"]
[SourceQuality "1"]

1. Nf3 Nf6 2. c4 g6 3. g3 Bg7 4. Bg2 O-O 5. d4 d5 6. cxd5 Nxd5 7. O-O Nc6 8. e4 Nb6 9. d5 Na5 10. Nc3 c6 11. Bg5 h6 12. Bf4 cxd5 13. Nxd5 Nxd5 14. exd5 Bg4 15. Rc1 Rc8 16. b3 Rxc1 17. Qxc1 b6 18. Ne5 Bf5 19. b4 g5 20. bxa5 gxf4 21. Qxf4 Bh7 22. Re1 Qc7 23. Nc6 e5 24. Nxe5 Re8 25. d6 1-0

[Event "World op"]
[Site "Philadelphia USA"]
[Date "1982.07.05"]
[Round "8"]
[White "Ivanov, Igor V"]
[Black "Kuznecov, Alex"]
[Result "1/2-1/2"]
[WhiteElo "2541"]
[BlackElo "2199"]
[PlyCount "79"]
[GameId "2160767912848411"]
[EventDate "1982.07.02"]
[EventType "swiss"]
[EventRounds "8"]
[EventCountry "CAN"]
[SourceTitle "CFC 1982.09"]

1. d4 Nf6 2. c4 g6 3. Nc3 d5 4. Nf3 Bg7 5. cxd5 Nxd5 6. e4 Nxc3 7. bxc3 c5 8. Rb1 O-O 9. Be2 Nc6 10. d5 Ne5 11. Nxe5 Bxe5 12. Qb3 e6 13. f4 Bg7 14. c4 exd5 15. cxd5 Re8 16. e5 Bf5 17. Rb2 Be4 18. Bf3 c4 19. Qxb7 Bxf3 20. gxf3 g5 21. O-O gxf4 22. Bxf4 Qh4 23. Be3 Bxe5 24. Rg2+ Kh8 25. f4 Rg8 26. d6 Qh3 27. fxe5 Qxe3+ 28. Kh1 Qxe5 29. Qe7 Qxe7 30. dxe7 Rxg2 31. Kxg2 Kg7 32. Rf4 Re8 33. Rxc4 Rxe7 34. Ra4 Kg6 35. Kg3 Kg5 36. h4+ Kf5 37. Ra5+ Kg6 38. Rg5+ Kh6 39. Ra5 f6 40. Kf4 1/2-1/2

[Event "Ontario op"]
[Site "Ottawa CAN"]
[Date "1982.05.24"]
[Round "5"]
[White "Spraggett, Kevin"]
[Black "Ivanov, Igor V"]
[Result "1-0"]
[WhiteElo "2536"]
[BlackElo "2541"]
[PlyCount "83"]
[GameId "2160767912848531"]
[EventDate "1982.05.22"]
[EventType "swiss"]
[EventRounds "6"]
[EventCountry "CAN"]

1. d4 Nf6 2. c4 e6 3. Nc3 Bb4 4. Qc2 O-O 5. a3 Bxc3+ 6. Qxc3 b6 7. Nf3 Bb7 8. b4 d6 9. Bb2 Nbd7 10. e3 Ne4 11. Qc2 f5 12. Be2 Qe7 13. O-O Ng5 14. Nd2 f4 15. exf4 Rxf4 16. f3 Raf8 17. Rae1 Qf7 18. c5 Nf6 19. c6 Bc8 20. g3 Nh3+ 21. Kg2 Nd5 22. Bc4 Rf5 23. Qb3 Qh5 24. Kh1 R5f6 25. b5 Qf7 26. f4 g5 27. Ne4 Rf5 28. g4 Rxf4 29. Qxh3 Qg6 30. Ng3 Qc2 31. Bxd5 exd5 32. Rxf4 gxf4 33. Nh5 f3 34. Bc1 f2 35. Rf1 Qe4+ 36. Qg2 Rf3 37. Ng3 Qd3 38. Nf5 Bxf5 39. gxf5+ Kf7 40. Bh6 Qxf5 41. Qg7+ Ke8 42. Qg8+ 1-0

[Event "Quebec op"]
[Site "Montreal CAN"]
[Date "1981.08.07"]
[Round "6"]
[White "Ivanov, Igor V"]
[Black "Spraggett, Kevin"]
[Result "1-0"]
[WhiteElo "2481"]
[BlackElo "2544"]
[PlyCount "85"]
[GameId "2160767912849221"]
[EventDate "1981.08.02"]
[EventType "swiss"]
[EventRounds "8"]
[EventCountry "CAN"]
[SourceTitle "EXT 2022"]
[Source "ChessBase"]
[SourceDate "2021.10.06"]
[SourceVersion "1"]
[SourceVersionDate "2021.10.06"]
[SourceQuality "1"]

1. Nf3 Nf6 2. c4 c5 3. g3 b6 4. Bg2 Bb7 5. O-O e6 6. Nc3 Be7 7. d4 cxd4 8. Qxd4 d6 9. Rd1 a6 10. b3 Nbd7 11. e4 O-O 12. Ba3 Nc5 13. e5 dxe5 14. Qxd8 Rfxd8 15. Nxe5 Bxg2 16. Kxg2 Bf8 17. Bxc5 bxc5 18. Na4 h5 19. Nb6 Rab8 20. Ned7 Nxd7 21. Nxd7 Rbc8 22. Rd3 Be7 23. Rad1 f6 24. Nxc5 Rxd3 25. Nxd3 e5 26. Nb2 Kf7 27. Rd7 Ke6 28. Ra7 Rd8 29. Rxa6+ Kf7 30. Na4 Rd2 31. Nc3 f5 32. Rc6 Bg5 33. Rc7+ Kg6 34. Nd5 Rxa2 35. b4 Bd2 36. Kf1 f4 37. gxf4 exf4 38. Kg2 Kh6 39. Re7 Ra4 40. Re6+ Kh7 41. c5 g5 42. c6 Ra1 43. Re2 1-0

[Event "Quebec op"]
[Site "Montreal CAN"]
[Date "1981.08.08"]
[Round "7"]
[White "Costigan, Thomas J"]
[Black "Ivanov, Igor V"]
[Result "0-1"]
[WhiteElo "2309"]
[BlackElo "2481"]
[PlyCount "78"]
[GameId "2160767912849225"]
[EventDate "1981.08.02"]
[EventType "swiss"]
[EventRounds "8"]
[EventCountry "CAN"]
[SourceTitle "EXT 2022"]
[Source "ChessBase"]
[SourceDate "2021.10.06"]
[SourceVersion "1"]
[SourceVersionDate "2021.10.06"]
[SourceQuality "1"]

1. e4 c5 2. Nf3 d6 3. Bb5+ Bd7 4. Bxd7+ Nxd7 5. O-O Ngf6 6. Qe2 e6 7. d4 cxd4 8. Nxd4 Be7 9. c4 O-O 10. Nc3 a6 11. Kh1 Qc7 12. f4 Rfe8 13. g4 d5 14. e5 Ne4 15. cxd5 Nxc3 16. bxc3 exd5 17. Rf3 Nc5 18. Be3 Ne4 19. Rc1 Rac8 20. Nf5 Bc5 21. c4 Qc6 22. cxd5 Qxd5 23. Rd1 Qc6 24. Bxc5 Nc3 25. Qd3 Nxd1 26. Bd4 Qc1 27. Rf1 Nb2 28. Qf3 Qd2 29. Bxb2 Rc2 30. Qg3 Rxb2 31. g5 Rxa2 32. Nh6+ gxh6 33. gxh6+ Kf8 34. Qg7+ Ke7 35. Qf6+ Kd7 36. Qxf7+ Kd8 37. Qf6+ Kc8 38. Qf5+ Kb8 39. Qh3 Rg8 0-1

[Event "Quebec op"]
[Site "Montreal CAN"]
[Date "1981.08.09"]
[Round "8"]
[White "Ivanov, Igor V"]
[Black "Coudari, Camille"]
[Result "1-0"]
[WhiteElo "2481"]
[BlackElo "2336"]
[PlyCount "32"]
[GameId "2160767912849234"]
[EventDate "1981.08.02"]
[EventType "swiss"]
[EventRounds "8"]
[EventCountry "CAN"]
[SourceTitle "EXT 2022"]
[Source "ChessBase"]
[SourceDate "2021.10.06"]
[SourceVersion "1"]
[SourceVersionDate "2021.10.06"]
[SourceQuality "1"]

1. Nf3 f5 2. g3 Nf6 3. d4 e6 4. Bg2 Be7 5. O-O O-O 6. c4 d6 7. Nc3 Qe8 8. b4 c6 9. Qc2 Na6 10. Rb1 Nc7 11. c5 Qh5 12. Bf4 Nce8 13. b5 d5 14. bxc6 bxc6 15. Qa4 Bd7 16. Rb7 Rd8 1-0

[Event "CAN-op"]
[Site "Quebec CAN"]
[Date "1981.07.12"]
[Round "2"]
[White "Fraser, Michel"]
[Black "Ivanov, Igor V"]
[Result "0-1"]
[WhiteElo "1996"]
[BlackElo "2507"]
[PlyCount "66"]
[GameId "2160767912849330"]
[EventDate "1981.07.11"]
[EventType "swiss"]
[EventRounds "10"]
[EventCountry "CAN"]
[SourceTitle "EXT 2022"]
[Source "ChessBase"]
[SourceDate "2021.10.06"]
[SourceVersion "1"]
[SourceVersionDate "2021.10.06"]
[SourceQuality "1"]

1. e4 c5 2. Nf3 Nc6 3. c3 e6 4. d4 d5 5. exd5 exd5 6. Be2 Nf6 7. O-O Bd6 8. Be3 c4 9. b3 cxb3 10. axb3 O-O 11. c4 Ne4 12. Nfd2 Qh4 13. g3 Qh3 14. Nxe4 dxe4 15. f4 exf3 16. Bxf3 Re8 17. Bg2 Qg4 18. Qxg4 Bxg4 19. Bf4 Bb4 20. Bd2 Be7 21. Bc3 Rad8 22. Bxc6 bxc6 23. Rxa7 Bf6 24. Rf4 Bh3 25. Kf2 Bg5 26. Rfxf7 Rf8 27. Rxf8+ Rxf8+ 28. Ke2 Bg4+ 29. Ke1 Re8+ 30. Kf1 Bf5 31. d5 Bh3+ 32. Kf2 Be3+ 33. Kf3 Bxa7 0-1

[Event "CAN-op"]
[Site "Quebec CAN"]
[Date "1981.07.12"]
[Round "3"]
[White "Ivanov, Igor V"]
[Black "Letourneau, Charles"]
[Result "1-0"]
[WhiteElo "2507"]
[BlackElo "1931"]
[PlyCount "61"]
[GameId "2160767912849335"]
[EventDate "1981.07.11"]
[EventType "swiss"]
[EventRounds "10"]
[EventCountry "CAN"]
[SourceTitle "EXT 2022"]
[Source "ChessBase"]
[SourceDate "2021.10.06"]
[SourceVersion "1"]
[SourceVersionDate "2021.10.06"]
[SourceQuality "1"]

1. c4 e5 2. Nc3 Nf6 3. g3 Bb4 4. Bg2 O-O 5. e4 Bxc3 6. dxc3 d6 7. Ne2 a5 8. a4 Na6 9. O-O Be6 10. b3 Nc5 11. f3 c6 12. Be3 Qc7 13. Nc1 b6 14. Bg5 Ne8 15. f4 f5 16. exf5 Bxf5 17. fxe5 dxe5 18. Ra2 Nd6 19. Raf2 Be4 20. Rxf8+ Rxf8 21. Rxf8+ Kxf8 22. Be3 Bxg2 23. Bxc5 bxc5 24. Kxg2 Ne4 25. Qe2 Nf6 26. Nd3 e4 27. Nxc5 Qe5 28. Qe3 Qh5 29. Nxe4 Nxe4 30. Qxe4 Qd1 31. Qf3+ 1-0

[Event "CAN-op"]
[Site "Quebec CAN"]
[Date "1981.07.15"]
[Round "6"]
[White "MacPhail, John"]
[Black "Ivanov, Igor V"]
[Result "0-1"]
[WhiteElo "2314"]
[BlackElo "2507"]
[PlyCount "116"]
[GameId "2160767912849346"]
[EventDate "1981.07.11"]
[EventType "swiss"]
[EventRounds "10"]
[EventCountry "CAN"]
[SourceTitle "EXT 2022"]
[Source "ChessBase"]
[SourceDate "2021.10.06"]
[SourceVersion "1"]
[SourceVersionDate "2021.10.06"]
[SourceQuality "1"]

1. e4 c5 2. Nf3 d6 3. d4 cxd4 4. Nxd4 Nf6 5. Bg5 Nc6 6. Nc3 Qb6 7. Nb3 e6 8. Be2 a6 9. O-O Bd7 10. Kh1 Be7 11. Qe1 O-O 12. a4 Qc7 13. f4 Nb4 14. Rc1 Rfe8 15. Bf3 e5 16. Qg3 Kh8 17. fxe5 dxe5 18. Bxf6 Bxf6 19. Bh5 Be6 20. Nd4 Rad8 21. Nf3 Bc4 22. Rfe1 g6 23. Bg4 Bg7 24. Qh4 f6 25. Qf2 Rf8 26. Bh3 Rd6 27. Rcd1 Rfd8 28. Rxd6 Rxd6 29. Nd1 Bg8 30. Nc3 Qd8 31. g3 Nc6 32. Bg2 Nd4 33. Nxd4 Rxd4 34. b3 Rd2 35. Re2 Rxe2 36. Qxe2 Qd4 37. Nd5 Bxd5 38. exd5 f5 39. Qd3 Qa1+ 40. Qf1 Qxf1+ 41. Bxf1 Bf8 42. a5 Kg7 43. d6 Bxd6 44. Bc4 Bb4 45. Bd5 Bxa5 46. Bxb7 Kf6 47. Kg2 e4 48. Bxa6 g5 49. Bc8 h5 50. h3 f4 51. gxf4 gxf4 52. Ba6 f3+ 53. Kg3 Ke5 54. Bb7 Be1+ 55. Kh2 Kf4 56. Kg1 e3 57. Kf1 Bc3 58. Ba6 h4 0-1

[Event "CAN-op"]
[Site "Quebec CAN"]
[Date "1981.07.16"]
[Round "7"]
[White "Ivanov, Igor V"]
[Black "Leveille, Francois"]
[Result "1-0"]
[WhiteElo "2507"]
[BlackElo "2071"]
[PlyCount "53"]
[GameId "2160767912849349"]
[EventDate "1981.07.11"]
[EventType "swiss"]
[EventRounds "10"]
[EventCountry "CAN"]
[SourceTitle "EXT 2022"]
[Source "ChessBase"]
[SourceDate "2021.10.06"]
[SourceVersion "1"]
[SourceVersionDate "2021.10.06"]
[SourceQuality "1"]

1. Nf3 d5 2. d4 Nf6 3. c4 e6 4. Nc3 c5 5. e3 Nc6 6. a3 cxd4 7. exd4 Be7 8. cxd5 Nxd5 9. Bd3 O-O 10. O-O Bf6 11. Bc4 Nce7 12. Qd3 g6 13. Bh6 Bg7 14. Qd2 Qd6 15. Rac1 Bd7 16. Bxd5 Nxd5 17. Nxd5 Qxd5 18. Rc5 Qd6 19. Rh5 f6 20. Bxg7 gxh5 21. Qh6 Qe7 22. Bxf8 Rxf8 23. Re1 Qf7 24. Nh4 Rc8 25. h3 Qg7 26. Qxh5 Rc2 27. Re3 1-0

[Event "CAN-ch"]
[Site "Montreal CAN"]
[Date "1981.??.??"]
[Round "?"]
[White "Baragar, Fletcher"]
[Black "Ivanov, Igor V"]
[Result "0-1"]
[WhiteElo "2270"]
[BlackElo "2430"]
[PlyCount "116"]
[GameId "2160767912849397"]
[EventDate "1981.05.16"]
[EventType "tourn"]
[EventRounds "15"]
[EventCountry "CAN"]
[SourceTitle "MCL"]
[Source "ChessBase"]
[SourceDate "1999.07.01"]
[SourceVersion "1"]
[SourceVersionDate "1999.07.01"]
[SourceQuality "1"]

1. d4 Nf6 2. c4 e6 3. Nc3 Bb4 4. e3 c5 5. Nge2 cxd4 6. exd4 d5 7. c5 Ne4 8. Bd2 Bxc3 9. Nxc3 Nc6 10. Nxe4 dxe4 11. Be3 O-O 12. Bc4 Nb4 13. O-O Nd5 14. Qd2 a5 15. f3 exf3 16. Rxf3 Bd7 17. Rg3 f6 18. Re1 Kh8 19. Bd3 Qc7 20. Rh3 f5 21. Qf2 Rf6 22. Qh4 h6 23. Bc4 Bc6 24. Bxd5 Bxd5 25. Bf4 Qf7 26. Be5 Rg6 27. Re2 a4 28. a3 Kh7 29. Qe1 Rg4 30. Qd2 Qg6 31. Rg3 Rf8 32. Rf2 Rxg3 33. Bxg3 Qg4 34. Rf4 Qh5 35. Rh4 Qg6 36. Be5 Kg8 37. Bf4 Qf6 38. Rh3 g5 39. Be5 Qg6 40. Bd6 Ra8 41. Qe2 f4 42. Qd3 Kh7 43. Qxg6+ Kxg6 44. Bc7 h5 45. Kf2 h4 46. Rd3 Kf5 47. Rd1 Ke4 48. Be5 Ra5 49. Rd2 Rb5 50. g3 Rb3 51. Re2+ Kf5 52. gxf4 g4 53. Bd6 Be4 54. Kg1 Rd3 55. Be5 g3 56. hxg3 hxg3 57. Re1 Rd2 58. d5 exd5 0-1

[Event "Match Ivanov-Spraggett +4-2=3"]
[Site "Montreal CAN"]
[Date "1981.??.??"]
[Round "1"]
[White "Spraggett, Kevin"]
[Black "Ivanov, Igor V"]
[Result "1-0"]
[WhiteElo "2450"]
[BlackElo "2430"]
[PlyCount "87"]
[GameId "2160767912845723"]
[EventDate "1981.??.??"]
[EventType "match"]
[EventRounds "9"]
[EventCountry "CAN"]
[SourceTitle "EXT 2002"]
[Source "ChessBase"]
[SourceDate "2001.11.25"]
[SourceVersion "1"]
[SourceVersionDate "2001.11.25"]
[SourceQuality "1"]

1. c4 e5 2. Nc3 Nf6 3. Nf3 Nc6 4. e3 Bb4 5. Qc2 O-O 6. Nd5 Re8 7. Qf5 d6 8. Nxf6+ gxf6 9. Qh5 e4 10. a3 exf3 11. gxf3 Bc5 12. Rg1+ Kh8 13. Qh6 Rg8 14. Rxg8+ Kxg8 15. b4 Bb6 16. Bd3 f5 17. Bb2 Bd4 18. exd4 Qe7+ 19. Kd1 Qe6 20. Qh4 d5 21. c5 Ne7 22. Qg3+ Ng6 23. Qxc7 Qd7 24. Qxd7 Bxd7 25. a4 a6 26. Ra3 Nf4 27. Bf1 f6 28. Kc2 Ne6 29. Kc3 Nc7 30. Ra1 Kf7 31. Kb3 f4 32. Bc3 Rg8 33. d3 Rg1 34. Bh3 Rxa1 35. Bxd7 Rb1+ 36. Bb2 Rf1 37. Bc8 Rxf2 38. Bxb7 Rxf3 39. b5 axb5 40. axb5 Rxd3+ 41. Kc2 Rh3 42. b6 Rxh2+ 43. Kb3 Rh3+ 44. Ka2 1-0

[Event "Match Ivanov-Spraggett +4-2=3"]
[Site "Montreal CAN"]
[Date "1981.??.??"]
[Round "2"]
[White "Ivanov, Igor V"]
[Black "Spraggett, Kevin"]
[Result "1/2-1/2"]
[WhiteElo "2430"]
[BlackElo "2450"]
[PlyCount "79"]
[GameId "2160767912845724"]
[EventDate "1981.??.??"]
[EventType "match"]
[EventRounds "9"]
[EventCountry "CAN"]
[SourceTitle "EXT 2002"]
[Source "ChessBase"]
[SourceDate "2001.11.25"]
[SourceVersion "1"]
[SourceVersionDate "2001.11.25"]
[SourceQuality "1"]

1. Nf3 c5 2. b3 d6 3. c4 g6 4. Bb2 e5 5. g3 Bg7 6. Bg2 Nc6 7. O-O Nge7 8. Nc3 O-O 9. d3 Rb8 10. Ne1 Be6 11. Nd5 Qd7 12. f4 f5 13. Nc2 a6 14. Qd2 Nd4 15. e3 Nxc2 16. Qxc2 Nc6 17. fxe5 dxe5 18. Rae1 g5 19. Qe2 h6 20. Ba3 Qd6 21. Qh5 Bf7 22. Qd1 Be6 23. Qd2 Rf7 24. Rb1 a5 25. Kh1 Nb4 26. Bxb4 axb4 27. Rf2 Kh8 28. Rbf1 Rbf8 29. Qc1 b5 30. a3 bxc4 31. dxc4 bxa3 32. Qxa3 e4 33. Qc1 Qe5 34. Qc2 Bxd5 35. cxd5 Qxd5 36. Qc4 Rd7 37. Qxd5 Rxd5 38. Bxe4 fxe4 39. Rxf8+ Bxf8 40. Rxf8+ 1/2-1/2

[Event "Match Ivanov-Spraggett +4-2=3"]
[Site "Montreal CAN"]
[Date "1981.??.??"]
[Round "3"]
[White "Spraggett, Kevin"]
[Black "Ivanov, Igor V"]
[Result "0-1"]
[WhiteElo "2450"]
[BlackElo "2430"]
[PlyCount "164"]
[GameId "2160767912845725"]
[EventDate "1981.??.??"]
[EventType "match"]
[EventRounds "9"]
[EventCountry "CAN"]
[SourceTitle "EXT 2002"]
[Source "ChessBase"]
[SourceDate "2001.11.25"]
[SourceVersion "1"]
[SourceVersionDate "2001.11.25"]
[SourceQuality "1"]

1. d4 Nf6 2. c4 e6 3. Nf3 b6 4. a3 Bb7 5. Nc3 d5 6. cxd5 exd5 7. g3 Be7 8. Bg2 O-O 9. O-O Nbd7 10. Bf4 c5 11. Rc1 Rc8 12. Ne5 a6 13. Nxd7 Qxd7 14. Na4 Qe6 15. Qb3 Nd7 16. dxc5 Bxc5 17. Nc3 Nf6 18. Rcd1 Rfe8 19. Rd3 h6 20. Be3 Ne4 21. Nxd5 Bxd5 22. Qxd5 Qxd5 23. Rxd5 Nf6 24. Rxc5 bxc5 25. Bb7 Rc7 26. Bxa6 Nd5 27. Bc1 c4 28. e3 Ra8 29. Bb5 c3 30. bxc3 Nxc3 31. a4 Nxb5 32. axb5 Ra2 33. e4 Rb7 34. Be3 Rxb5 35. Kg2 Re5 36. Rd1 Rxe4 37. Kf3 Re8 38. h4 Ra6 39. Rd5 Kh7 40. Kg2 Kg6 41. Rd7 f6 42. Kf3 Rae6 43. Rc7 R8e7 44. Rc4 Ra6 45. Rc3 Rb7 46. Rd3 Kf7 47. Rc3 g5 48. hxg5 hxg5 49. Rc4 Kg6 50. Rc1 Rb3 51. Rd1 Ra4 52. Kg2 f5 53. Rd6+ Kh5 54. Kh3 Ra2 55. g4+ fxg4+ 56. Kg3 Rb5 57. Rd8 Ra4 58. Rf8 Kg6 59. Rg8+ Kf6 60. Kh2 Rf5 61. Kg2 Raa5 62. Rf8+ Kg6 63. Rxf5 Kxf5 64. Bb6 Ra3 65. Bc7 Rf3 66. Bd6 Ke6 67. Bc7 Rf8 68. Bg3 Rf4 69. Kf1 Kd5 70. Kg1 Kd4 71. Kg2 Kd3 72. Kf1 Rf3 73. Kg2 Ke2 74. Bd6 Rxf2+ 75. Kg3 Kf1 76. Kxg4 Rg2+ 77. Kf3 g4+ 78. Kf4 Kg1 79. Kg5 Kf2 80. Kf4 Kf1 81. Kg5 Rg1 82. Kh4 Ke2 0-1

[Event "Match Ivanov-Spraggett +4-2=3"]
[Site "Montreal CAN"]
[Date "1981.??.??"]
[Round "4"]
[White "Ivanov, Igor V"]
[Black "Spraggett, Kevin"]
[Result "1-0"]
[WhiteElo "2430"]
[BlackElo "2450"]
[PlyCount "75"]
[GameId "2160767912845726"]
[EventDate "1981.??.??"]
[EventType "match"]
[EventRounds "9"]
[EventCountry "CAN"]
[SourceTitle "EXT 2002"]
[Source "ChessBase"]
[SourceDate "2001.11.25"]
[SourceVersion "1"]
[SourceVersionDate "2001.11.25"]
[SourceQuality "1"]

1. e4 c5 2. Nf3 e6 3. Qe2 Nc6 4. g3 d6 5. Bg2 g6 6. O-O Bg7 7. c3 e5 8. b4 cxb4 9. cxb4 Nxb4 10. Nc3 Ne7 11. Rb1 Nbc6 12. Ba3 O-O 13. Nb5 Bg4 14. Nxd6 b6 15. Qc4 h6 16. h3 Be6 17. Qc2 Qd7 18. Kh2 Rfb8 19. Rfe1 Nc8 20. Nb5 a6 21. Nc3 b5 22. Nd5 N8e7 23. Rec1 Rb7 24. Qc5 Rab8 25. Bb2 Kh7 26. Nxe7 Nxe7 27. Bxe5 Rc8 28. Qe3 Bxa2 29. Rxc8 Qxc8 30. Ra1 Be6 31. Bxg7 Kxg7 32. d4 Rb8 33. d5 Bd7 34. Qd4+ Kh7 35. Qf6 Qf8 36. Rxa6 Ng8 37. Qf4 b4 38. Ra7 1-0

[Event "Match Ivanov-Spraggett +4-2=3"]
[Site "Montreal CAN"]
[Date "1981.??.??"]
[Round "5"]
[White "Spraggett, Kevin"]
[Black "Ivanov, Igor V"]
[Result "0-1"]
[WhiteElo "2450"]
[BlackElo "2430"]
[PlyCount "116"]
[GameId "2160767912845727"]
[EventDate "1981.??.??"]
[EventType "match"]
[EventRounds "9"]
[EventCountry "CAN"]
[SourceTitle "EXT 2002"]
[Source "ChessBase"]
[SourceDate "2001.11.25"]
[SourceVersion "1"]
[SourceVersionDate "2001.11.25"]
[SourceQuality "1"]

1. e4 e5 2. Nf3 Nc6 3. Bb5 a6 4. Ba4 Nf6 5. O-O Be7 6. Re1 b5 7. Bb3 O-O 8. c3 d5 9. exd5 Nxd5 10. Nxe5 Nxe5 11. Rxe5 c6 12. d4 Bd6 13. Re1 Qh4 14. g3 Qh3 15. Be3 Re8 16. Bxd5 cxd5 17. Qf3 Ra7 18. Nd2 Rae7 19. a4 bxa4 20. Rxa4 h5 21. Ra5 Bb7 22. Raa1 Bc8 23. Nf1 h4 24. Bd2 Re4 25. Qg2 hxg3 26. hxg3 Qd7 27. f3 R4e6 28. Rxe6 Rxe6 29. Re1 Rg6 30. Qh2 Qd8 31. Re2 Bd7 32. Rg2 Bb5 33. Qh4 Qxh4 34. gxh4 Rf6 35. Kf2 Bxf1 36. Kxf1 Rxf3+ 37. Ke2 Rh3 38. Rg5 Rh2+ 39. Ke3 Rxh4 40. Rf5 g6 41. Rf1 f5 42. Kd3 f4 43. Ra1 Rh3+ 44. Kc2 g5 45. Rxa6 Rh6 46. b3 g4 47. c4 dxc4 48. bxc4 g3 49. c5 g2 50. cxd6 g1=Q 51. d7 Qxd4 52. Ra8+ Kf7 53. d8=Q Rc6+ 54. Kd1 Qg1+ 55. Ke2 Qg2+ 56. Kd3 Qf1+ 57. Ke4 Qe2+ 58. Kf5 Rc5+ 0-1

[Event "Match Ivanov-Spraggett +4-2=3"]
[Site "Montreal CAN"]
[Date "1981.??.??"]
[Round "6"]
[White "Ivanov, Igor V"]
[Black "Spraggett, Kevin"]
[Result "1-0"]
[WhiteElo "2430"]
[BlackElo "2450"]
[PlyCount "81"]
[GameId "2160767912845728"]
[EventDate "1981.??.??"]
[EventType "match"]
[EventRounds "9"]
[EventCountry "CAN"]
[SourceTitle "EXT 2002"]
[Source "ChessBase"]
[SourceDate "2001.11.25"]
[SourceVersion "1"]
[SourceVersionDate "2001.11.25"]
[SourceQuality "1"]

1. d4 Nf6 2. Nf3 e6 3. e3 c5 4. Bd3 d5 5. b3 Nc6 6. Bb2 Be7 7. c4 cxd4 8. exd4 O-O 9. O-O b6 10. Nbd2 Bb7 11. Qe2 Re8 12. Rad1 Bf8 13. Rfe1 Rc8 14. Qe3 g6 15. Ne5 Bg7 16. Ndf3 Rc7 17. Ng5 dxc4 18. bxc4 Nxe5 19. dxe5 Nd7 20. Be4 Ba6 21. Qf4 Qe7 22. Ba3 Nc5 23. Bf3 Bh6 24. h4 Rec8 25. Rd4 Bb7 26. Bxb7 Rxb7 27. Red1 Rf8 28. Rd6 Rc7 29. Qg4 Bg7 30. Bxc5 Rxc5 31. Rd7 Qe8 32. Nxf7 Rxf7 33. Rd8 Rc8 34. Rxe8+ Rxe8 35. f4 Rc7 36. h5 Rxc4 37. hxg6 h6 38. g3 Bxe5 39. Qe2 Bd4+ 40. Kh1 b5 41. Qh5 1-0

[Event "Match Ivanov-Spraggett +4-2=3"]
[Site "Montreal CAN"]
[Date "1981.??.??"]
[Round "7"]
[White "Spraggett, Kevin"]
[Black "Ivanov, Igor V"]
[Result "1/2-1/2"]
[WhiteElo "2450"]
[BlackElo "2430"]
[PlyCount "94"]
[GameId "2160767912845729"]
[EventDate "1981.??.??"]
[EventType "match"]
[EventRounds "9"]
[EventCountry "CAN"]
[SourceTitle "EXT 2002"]
[Source "ChessBase"]
[SourceDate "2001.11.25"]
[SourceVersion "1"]
[SourceVersionDate "2001.11.25"]
[SourceQuality "1"]

1. c4 Nf6 2. Nc3 e6 3. e4 c5 4. e5 Ng8 5. d4 cxd4 6. Qxd4 Nc6 7. Qe4 d6 8. Nf3 dxe5 9. Nxe5 Bd7 10. Nxd7 Qxd7 11. Bg5 Bb4 12. Rd1 Qc7 13. Be2 h6 14. Bd2 Nf6 15. Qh4 Qe5 16. a3 Be7 17. Qf4 Bd6 18. Qxe5 Bxe5 19. f4 Bd4 20. b4 O-O-O 21. Rf1 e5 22. b5 Bxc3 23. Bxc3 Nd4 24. Bxd4 exd4 25. Bf3 Rhe8+ 26. Kd2 Re3 27. Rfe1 Rxa3 28. Ra1 Rxa1 29. Rxa1 Kb8 30. Kd3 b6 31. Re1 Kc7 32. h4 h5 33. Re5 g6 34. Re1 Rd6 35. Ra1 Kb8 36. Ra2 Rd8 37. Bc6 Rd6 38. Re2 a6 39. Re7 axb5 40. cxb5 Nd5 41. Rb7+ Kc8 42. Bxd5 Rxd5 43. Rxb6 Kc7 44. Rc6+ Kd7 45. Rb6 Kc7 46. Rf6 Rxb5 47. Rxf7+ Kd6 1/2-1/2

[Event "Match Ivanov-Spraggett +4-2=3"]
[Site "Montreal CAN"]
[Date "1981.??.??"]
[Round "8"]
[White "Ivanov, Igor V"]
[Black "Spraggett, Kevin"]
[Result "0-1"]
[WhiteElo "2430"]
[BlackElo "2450"]
[PlyCount "66"]
[GameId "2160767912845730"]
[EventDate "1981.??.??"]
[EventType "match"]
[EventRounds "9"]
[EventCountry "CAN"]
[SourceTitle "EXT 2002"]
[Source "ChessBase"]
[SourceDate "2001.11.25"]
[SourceVersion "1"]
[SourceVersionDate "2001.11.25"]
[SourceQuality "1"]

1. e4 c5 2. Nf3 e6 3. d4 cxd4 4. Nxd4 Nf6 5. Nc3 d6 6. Be2 Be7 7. O-O O-O 8. f4 a6 9. a4 Nc6 10. Be3 Bd7 11. Bf3 Qc7 12. Qe2 Nxd4 13. Bxd4 e5 14. Be3 Rac8 15. Kh1 Be6 16. Qf2 exf4 17. Bxf4 Nd7 18. Rad1 Ne5 19. Be2 Ng6 20. Bg3 Rfd8 21. Nd5 Qxc2 22. Nxe7+ Nxe7 23. Bxd6 Ng6 24. e5 Qxa4 25. Rd4 Qc2 26. h4 h6 27. h5 Ne7 28. Rf4 Nf5 29. Rxf5 Bxf5 30. Qxf5 Qxe2 31. Qxf7+ Kh8 32. Rf3 Rc4 33. Qe7 Rg4 0-1